000 00436nam a2200169Ia 4500
003 LK-CoDNM
008 010623t xxu||||| |||| 00| 1 sin d
040 _aLK-CoDNM
_dLK-CoDNM
_eLK-CoDNM
041 _asin
080 _ax 92
245 _aදිව ඥානය තිබූ නායකයා
246 _aDivyagnanaya thibuu nayakaya
260 _bSiyarata prakashana
300 _b14, 29 cm
650 _aBiography
942 _cBK
999 _c138650
_d138650